| 000 | 00733nam a2200205 4500 | ||
|---|---|---|---|
| 005 | 20251128101309.0 | ||
| 008 | 091110s1988 hk 000 u chi u | ||
| 020 | _a962208169X :gift/Elder Henry Co | ||
| 090 |
_aBS315.C5 _bB47cuv _b1988 |
||
| 130 | 0 |
_aBible. _lChinese. _sNew Punctuation Chinese Union Version. _f19889. |
|
| 245 | 1 | 4 |
_aThe one year Bible {ch}: _barranged in 365 daily readings. |
| 260 |
_aHong Kong : _bTien Dao Publishing House Ltd., _cc1988. |
||
| 300 |
_a1 v. [unpaged] ; _c22 cm. |
||
| 440 | _aDevotional reference series | ||
| 630 | 0 | 4 |
_aBible _vDevotional literature {ch}. |
| 650 | 4 | _aDevotional literature {ch}. | |
| 740 | 0 | 2 | _aNew Punctuation Chinese Union Version Bible. |
| 942 | _2lcc | ||
| 999 |
_c33791 _d33791 |
||